| 000 | 00867nam a2200229 4500 | ||
|---|---|---|---|
| 001 | 148082 | ||
| 003 | ES-MaACL | ||
| 005 | 20230906202423.0 | ||
| 007 | t| | ||
| 008 | 070214s1968 sp r ||||1| spa d | ||
| 100 | 1 |
_aStigler, George J. _9108219 |
|
| 245 | 1 | 3 |
_aLa teoría de los precios / _cGeorge J. Stigler ; introducción y revisión del prof. Juan Hortaláa Arau ; traducción por Julio Segura Sánchez. |
| 250 | _aNueva ed. | ||
| 260 |
_aMadrid : _bRevista de Derecho Privado, _c[1968] |
||
| 300 |
_aXLIV, 441 p. : _bil. ; _c23 cm. |
||
| 490 | 1 |
_aTratados y Monografías de Economía y Hacienda. Serie E ; _v24 |
|
| 700 | 1 |
_aHortaláa i Arau, Joan. _9128033 |
|
| 700 | 1 |
_aSegura, Julio. _9105210 |
|
| 830 | 0 |
_aTratados y Monografías de Economía y Hacienda. Serie E ; _v24 _9183603 |
|
| 852 |
_aES-MaACL _jG-5529 _bR.66410 |
||
| 999 |
_c148082 _d148082 |
||